| 000 | 00568nam a22001817a 4500 | ||
|---|---|---|---|
| 003 | OSt | ||
| 005 | 20260313011705.0 | ||
| 008 | 260313b |||||||| |||| 00| 0 eng d | ||
| 020 | _a971-821-057-1. | ||
| 040 |
_aDWCL Main lib _cOC |
||
| 082 | _aFil. 808.8 W873 2004 | ||
| 100 | _aOrnos, Petra S. et al. | ||
| 245 |
_aWonders of the literary world : _bworld literature _cPetra S. Ornos et al. |
||
| 260 |
_aValenzuela City : _bMutya Publishing House, _cc2004. |
||
| 300 |
_a377 p. ; _c25 cm. |
||
| 650 | _a1. Literature-Collections. | ||
| 942 |
_2ddc _cBK - FIL _kFil. _n0 |
||
| 999 |
_c9083 _d9083 |
||